30 actrices francophones en images - Statistiques

Statistiques générales
  • Ce quiz a été pris 99 fois
  • Le résultat moyen est 20 sur 30
Statistiques - réponses
Par images Réponse % Correct
Sophie Marceau
91%
Isabelle Nanty
89%
Marion Cotillard
89%
Catherine Deneuve
85%
Isabelle Adjani
83%
Audrey Fleurot
81%
Audrey Lamy
81%
Virginie Efira
81%
Valérie Lemercier
79%
Audrey Tautou
76%
Camille Cottin
75%
Josiane Balasko
73%
Adèle Exarchopoulos
70%
Leila Bekhti
69%
Marina Foïs
69%
Géraldine Nakache
64%
Lea Seydoux
64%
Eva Green
63%
Sandrine Kiberlain
63%
Chantal Lauby
61%
Blanche Gardin
59%
Mélanie Laurent
56%
Fanny Ardant
55%
Emmanuelle Béart
51%
Juliette Binoche
49%
Berenice Bejo
44%
Karin Viard
44%
Carole Bouquet
43%
Mireille Darc
38%
Yolande Moreau
36%
Aucun quiz correspondant
Distribution des résultats
% des personnes avec chaque résultat
Percentile par nombre de réponses
Votre historique - résultats
Vous n’avez pas pris ce quiz